000 00679nam a22002770a 4500
001 PT29800
003 AR-LpoUNG
005 20210131233547.0
008 191001s1965||||ag |||||||||||||||||spa d
040 _aAR-LpoUNG
_bspa
_cAR-LpoUNG
_eaacr
041 _aspa
044 _aag
082 0 _a501 942int
100 1 _aBunge, Mario
245 1 0 _aIntuición y ciencia
250 _a1ra. ed.
260 _aBuenos Aires :
_bEUDEBA,
_c1965.
300 _a174 p. :
_bmapas
650 4 _aCIENCIA
650 4 _aCONOCIMIENTO
650 4 _aFILOSOFIA
651 4 _aDOCUMENTOS TEORICOS O METODOLOGICOS
700 1 _aColombo, Emilio O.
_etr.
905 _a29800
942 _cLIB
999 _c21371
_d21371